00508nam a22001691a 4500020000900000040002600009082002000035100002000055245008800075250001200163260003800175300001200213500005200225600003700277700002100314852000300335 c0.00 aNEGST Library - Kenya aLC 473.P45 1971 aKienel, Paul A. aThe philosophy of Christian school education cedited by Dr. Paul A. Kienelh[Text] aRev.ed. aColorado Springs, CobACSIcc1978 a234 p.; aIncludes bibliographical references and index.  aChristian educationxPhilosophy. aBerry, Sharon R.